Statistics for La Liga 2010-2011 Top scorers

Click here to take the quiz!

General Stats

  • This quiz has been taken 17 times
  • The average score is 6 of 10

Answer Stats

GoalsNationalityClubPlayer% Correct
40PortugalReal MadridCristiano Ronaldo
100%
31ArgentinaBarcelonaLionel Messi
100%
20ArgentinaAtlético MadridSergio Agüero
80%
15FranceReal MadridKarim Benzema
73%
18SpainBarcelonaDavid Villa
60%
18ItalyVillarrealGiuseppe Rossi
40%
18SpainValenciaRoberto Soldado
40%
20SpainSevillaÁlvaro Negredo
33%
18SpainAthletic BilbaoFernando Llorente
33%
14VenezuelaMálagaSalomón Rondón
13%

Score Distribution

Percentile by Number Answered

Percent of People with Each Score

Your Score History

You have not taken this quiz